Twentieth century history : (Record no. 5658)

MARC details
000 -LEADER
fixed length control field 01194nam a22002417a 4500
001 - CONTROL NUMBER
control field 5658
003 - CONTROL NUMBER IDENTIFIER
control field FISKH
005 - DATE AND TIME OF LATEST TRANSACTION
control field 20250123100307.0
008 - FIXED-LENGTH DATA ELEMENTS--GENERAL INFORMATION
fixed length control field 250109b cb ||||| |||| 00| 0 eng d
020 ## - INTERNATIONAL STANDARD BOOK NUMBER
International Standard Book Number 9780521893503
040 ## - CATALOGING SOURCE
Original cataloging agency FISKH
Language of cataloging eng
Transcribing agency FISKH
Modifying agency FISKH
050 ## - LIBRARY OF CONGRESS CALL NUMBER
Classification number PZ7
082 ## - DEWEY DECIMAL CLASSIFICATION NUMBER
Classification number 910
100 ## - MAIN ENTRY--PERSONAL NAME
Personal name McAleavy, Tony
245 ## - TITLE STATEMENT
Title Twentieth century history :
Remainder of title International relations since 1919 /
Statement of responsibility, etc. by Tony McAleavy
260 ## - PUBLICATION, DISTRIBUTION, ETC.
Place of publication, distribution, etc. Cambridge :
Name of publisher, distributor, etc. Cambridge University Press ,
Date of publication, distribution, etc. 1996.
300 ## - PHYSICAL DESCRIPTION
Extent 176 pages :
Other physical details color illustrations , maps ;
Dimensions 28 cm .
520 ## - SUMMARY, ETC.
Summary, etc. Cambridge IGCSE Twentieth Century History covers the Cambridge IGCSE History syllabus and relates to the Twentieth Century core content. The theme of the book is International Relations from 1919 to the end of the 20th century. Lively and accessible text is based around lead questions matching those in the Cambridge IGCSE syllabus. Essential knowledge is provided through background briefings, analysis of issues through investigations and review sections to provide opportunities for revision.
650 ## - SUBJECT ADDED ENTRY--TOPICAL TERM
Topical term or geographic name entry element Secondary
Form subdivision Non-fiction
700 ## - ADDED ENTRY--PERSONAL NAME
Personal name Ball, Gerry
Relator term illustrator
942 ## - ADDED ENTRY ELEMENTS (KOHA)
Source of classification or shelving scheme Dewey Decimal Classification
Koha item type Books
Suppress in OPAC No
Holdings
Withdrawn status Lost status Source of classification or shelving scheme Damaged status Not for loan Collection Home library Current library Shelving location Date acquired Total Checkouts Full call number Barcode Date last seen Copy number Price effective from Koha item type
    Dewey Decimal Classification     Non-Fiction Footprints International School Library Network Toul Kork Campus Footprints International School Library Network Toul Kork Campus TTP Secondary Non-Fiction Bookshelves 01/09/2025   MCA PZ7 910 FISSE04432 01/09/2025 1 01/09/2025 Books
    Dewey Decimal Classification     Non-Fiction Footprints International School Library Network Toul Kork Campus Footprints International School Library Network Toul Kork Campus TTP Secondary Non-Fiction Bookshelves 01/09/2025   MCA PZ7 910 FISSE03085 01/09/2025 2 01/09/2025 Books
    Dewey Decimal Classification     Non-Fiction Footprints International School Library Network Toul Kork Campus Footprints International School Library Network Toul Kork Campus TTP Secondary Non-Fiction Bookshelves 01/09/2025   MCA PZ7 910 FISSE03016 01/13/2025 3 01/09/2025 Books
    Dewey Decimal Classification     Non-Fiction Footprints International School Library Network Toul Kork Campus Footprints International School Library Network Toul Kork Campus TTP Secondary Non-Fiction Bookshelves 01/09/2025   MCA PZ7 910 2025-0064 01/21/2025 4 01/09/2025 Books
    Dewey Decimal Classification     Non-Fiction Footprints International School Library Network Toul Kork Campus Footprints International School Library Network Toul Kork Campus TTP Secondary Non-Fiction Bookshelves 01/09/2025   MCA PZ7 910 FISSE03357 01/23/2025 5 01/09/2025 Books